000 00378nam a22001577a 4500
999 _c258890
_d258889
003 OSt
005 20200727122757.0
008 200727b xxu||||| |||| 00| 0 eng d
020 _a9780735645523
040 _cN/A
100 _aSteve Suehring
245 _aJavaScript Stp by Step
250 _aSecond Edition
260 _aNew York
_bMicrosoft Press
_c2010
942 _2lcc
_cBK